[Event "BL 0304 Hamburger SK - SF Katernberg"]
[Site "?"]
[Date "2004.03.07"]
[Round "11.7"]
[White "Souleidis, Georgios"]
[Black "Reeh, Oliver"]
[Result "0-1"]
[WhiteElo "2401"]
[BlackElo "2446"]
[PlyCount "60"]
[EventDate "2004.??.??"]

1. e4 e5 2. Nf3 Nc6 3. d4 exd4 4. c3 d5 5. exd5 Qxd5 6. cxd4 Bg4 7. Be2 Bb4+ 8.
Nc3 Bxf3 9. Bxf3 Qc4 10. Qb3 Qxb3 11. axb3 Nge7 12. O-O O-O 13. Ra4 a5 14. Nb5
Rad8 15. Be3 Nf5 16. Rd1 Rfe8 17. Nxc7 Nxe3 18. fxe3 Rxe3 19. Bd5 g6 20. Kf2
Re7 21. Bxc6 Rxc7 22. Be4 f5 23. Bd3 Rxd4 24. Raa1 Kg7 25. Bc4 Re4 26. Rd5 Bc5+
27. Kf1 Rf4+ 28. Ke1 Bb4+ 29. Ke2 Re7+ 30. Kd3 Rf2 0-1

[Event "BL 0304 Hamburger SK - SF Katernberg"]
[Site "?"]
[Date "2004.03.07"]
[Round "11.8"]
[White "Michaelsen, Nils"]
[Black "Meyer, Falko"]
[Result "1-0"]
[WhiteElo "2440"]
[BlackElo "2348"]
[PlyCount "21"]
[EventDate "2004.??.??"]

1. d4 d6 2. c4 e5 3. Nf3 e4 4. Ng5 f5 5. Nc3 c6 6. g3 Be7 7. Nh3 Bf6 8. Nf4 Qb6
9. e3 Ne7 10. Bg2 Ng6 11. Nh5 1-0

[Event "BL 0304 SC Baden Oos - SCA St Ingbert"]
[Site "?"]
[Date "2004.03.08"]
[Round "11.2"]
[White "Dautov, Rustem"]
[Black "Marcelin, Cyril"]
[Result "1/2-1/2"]
[WhiteElo "2610"]
[BlackElo "2473"]
[PlyCount "82"]
[EventDate "2004.??.??"]

1. d4 Nf6 2. c4 e6 3. Nf3 Bb4+ 4. Bd2 c5 5. Bxb4 cxb4 6. g3 b6 7. Bg2 Bb7 8.
O-O O-O 9. Qd3 d6 10. Nbd2 Qc7 11. Rfd1 e5 12. Ne1 Bxg2 13. Nxg2 Nc6 14. dxe5
dxe5 15. Ne3 Rad8 16. Nd5 Qd6 17. Nf3 h6 18. Qf5 Rfe8 19. Kg2 Nxd5 20. Rxd5 Ne7
21. Rxd6 Nxf5 22. Rxd8 Rxd8 23. e4 Nd6 24. Rd1 f6 25. Rd5 Nb7 26. Ne1 Rxd5 27.
cxd5 Nc5 28. Kf3 Kf7 29. Ke3 a5 30. f4 g5 31. fxe5 fxe5 32. Nf3 Kf6 33. Ne1 b5
34. h3 Ke7 35. Nf3 Kf6 36. Ne1 Ke7 37. Nf3 Kf6 38. b3 Nd7 39. Nh2 h5 40. Nf3
Nc5 41. g4 h4 1/2-1/2

[Event "BL 0304 SC Baden Oos - SCA St Ingbert"]
[Site "?"]
[Date "2004.03.08"]
[Round "11.3"]
[White "Lazarev, Vladimir"]
[Black "Huebner, Robert Dr"]
[Result "1/2-1/2"]
[WhiteElo "2526"]
[BlackElo "2604"]
[PlyCount "31"]
[EventDate "2004.??.??"]

1. d4 d5 2. c4 c6 3. Nf3 Nf6 4. e3 Bf5 5. Nc3 e6 6. Nh4 Be4 7. f3 Bg6 8. Qb3
Qc7 9. Bd2 Nbd7 10. cxd5 exd5 11. O-O-O O-O-O 12. e4 dxe4 13. Nxg6 hxg6 14.
fxe4 Nb6 15. Bg5 Re8 16. Bd3 1/2-1/2

[Event "BL 0304 SC Baden Oos - SCA St Ingbert"]
[Site "?"]
[Date "2004.03.08"]
[Round "11.7"]
[White "Drollinger, Dennis"]
[Black "Doettling, Fabian"]
[Result "0-1"]
[WhiteElo "2275"]
[BlackElo "2519"]
[PlyCount "74"]
[EventDate "2004.??.??"]

1. e4 c6 2. c4 d5 3. cxd5 cxd5 4. exd5 Nf6 5. Bb5+ Nbd7 6. Nc3 a6 7. Qa4 Rb8 8.
Bxd7+ Qxd7 9. Qxd7+ Bxd7 10. Nge2 b5 11. a3 Bc8 12. d4 Bb7 13. O-O Nxd5 14.
Nxd5 Bxd5 15. Nf4 Bc4 16. Rd1 e6 17. Nd3 Bd6 18. b4 Bxd3 19. Rxd3 Kd7 20. Bd2
Rhc8 21. Kf1 Rc4 22. Ke2 Kc6 23. g3 Kd5 24. Rd1 Rbc8 25. h4 h5 26. Kf3 Rc2 27.
g4 hxg4+ 28. Kxg4 R2c4 29. Be3 Rc3 30. h5 Rxd3 31. Rxd3 Rc4 32. Kf3 Be7 33. Ke2
Bf6 34. h6 gxh6 35. Bxh6 Bxd4 36. Bd2 Rc2 37. Kd1 Ra2 0-1

[Event "BL 0304 SC Baden Oos - SCA St Ingbert"]
[Site "?"]
[Date "2004.03.08"]
[Round "11.8"]
[White "Schenk, Andreas"]
[Black "Callam, Hannes"]
[Result "1/2-1/2"]
[WhiteElo "2499"]
[BlackElo "2167"]
[PlyCount "169"]
[EventDate "2004.??.??"]

1. d4 c5 2. d5 e5 3. e4 d6 4. Nc3 a6 5. a4 Be7 6. Nf3 Bg4 7. g3 Bxf3 8. Qxf3
Bg5 9. Bxg5 Qxg5 10. h4 Qd8 11. Bh3 Ne7 12. Nd1 O-O 13. Ne3 Nd7 14. O-O Qc7 15.
a5 b5 16. axb6 Nxb6 17. Ra3 a5 18. Rfa1 a4 19. Qe2 Rfb8 20. R1a2 h6 21. Bf1
Nec8 22. Qg4 Ne7 23. Qd1 Ra7 24. Be2 Rab7 25. Qa1 Qd7 26. Ba6 Ra7 27. Bd3 Rab7
28. Kh2 Kh8 29. Qf1 Ng6 30. Bb5 Qc7 31. Bc6 Ra7 32. Qa1 Ne7 33. Bxa4 f5 34. Bb3
Rxa3 35. Rxa3 fxe4 36. Ra7 Rb7 37. Rxb7 Qxb7 38. Qh1 c4 39. Nxc4 Nxc4 40. Bxc4
Qxb2 41. Qxe4 Qb4 42. Kg2 Ng8 43. Qg4 Qc5 44. Bb3 Nf6 45. Qf3 Qd4 46. c4 Qe4
47. Qxe4 Nxe4 48. Bc2 Nf6 49. Bf5 Kg8 50. Kf3 Kf7 51. Ke3 g5 52. hxg5 hxg5 53.
Kd3 Ke7 54. Kc3 Kd8 55. Kb4 Kc7 56. Kb5 Ne8 57. c5 Nf6 58. Kc4 Ne8 59. f3 Nf6
60. Bg6 Ng8 61. Bf7 Nf6 62. c6 Kd8 63. Kd3 Ke7 64. Ke2 Kd8 65. Ke1 Ke7 66. Kf2
Kd8 67. Ke2 Ke7 68. f4 exf4 69. gxf4 gxf4 70. Kf3 Kd8 71. Kxf4 Ke7 72. Be6 Ne8
73. Ke4 Nc7 74. Kd4 Kd8 75. Ke4 Na8 76. Kd4 Kc7 77. Kc4 Nb6+ 78. Kd4 Na4 79.
Bf5 Nb6 80. Bc2 Nc8 81. Bf5 Nb6 82. Bg4 Na8 83. Be2 Nb6 84. Ba6 Na4 85. Bb5
1/2-1/2

[Event "BL 0304 Stuttgarter Sfr - SV Hofheim"]
[Site "?"]
[Date "2004.03.08"]
[Round "11.1"]
[White "Savchenko, Stanislav"]
[Black "Schmittdiel, Eckhard"]
[Result "1-0"]
[WhiteElo "2563"]
[BlackElo "2483"]
[PlyCount "55"]
[EventDate "2004.??.??"]

1. d4 f5 2. c4 Nf6 3. Nf3 e6 4. Nc3 d5 5. Bf4 c6 6. e3 Be7 7. Bd3 O-O 8. Qc2
Ne4 9. g4 Qa5 10. Ke2 Na6 11. a3 Nxc3+ 12. bxc3 dxc4 13. Bxc4 b5 14. Ba2 Nc7
15. Bxc7 Qxc7 16. gxf5 c5 17. Qe4 c4 18. fxe6 Bb7 19. d5 Rad8 20. Rad1 Qc5 21.
Bb1 g6 22. Rhg1 Rf6 23. Ng5 Bxd5 24. Qh4 Bf3+ 25. Nxf3 Rxd1 26. Ng5 h6 27. Qxh6
Rd2+ 28. Ke1 1-0

[Event "BL 0304 Stuttgarter Sfr - SV Hofheim"]
[Site "?"]
[Date "2004.03.08"]
[Round "11.2"]
[White "Berezovsky, Igor"]
[Black "Hickl, Joerg"]
[Result "1-0"]
[WhiteElo "2444"]
[BlackElo "2562"]
[PlyCount "59"]
[EventDate "2004.??.??"]

1. e4 d6 2. d4 g6 3. Nc3 Bg7 4. Be3 a6 5. Qd2 b5 6. Bd3 Nc6 7. Nce2 e5 8. d5
Nce7 9. O-O-O f5 10. f3 Nf6 11. Kb1 O-O 12. Nc1 Kh8 13. Bg5 Qe8 14. Nb3 c6 15.
dxc6 Qxc6 16. Ne2 Be6 17. exf5 gxf5 18. Rhe1 Qd7 19. Ng3 Rad8 20. Nd4 f4 21.
Nxe6 Qxe6 22. Bxf4 Nfd5 23. Bg5 Rd7 24. Nh5 Rg8 25. Nxg7 Rxg7 26. h4 Nc6 27.
Bf5 Qxf5 28. Qxd5 Nb4 29. Qe4 Qxe4 30. Rxe4 1-0

[Event "BL 0304 Stuttgarter Sfr - SV Hofheim"]
[Site "?"]
[Date "2004.03.08"]
[Round "11.3"]
[White "Krivoshey, Sergei"]
[Black "Papa, Severin"]
[Result "1/2-1/2"]
[WhiteElo "2495"]
[BlackElo "2401"]
[PlyCount "51"]
[EventDate "2004.??.??"]

1. d4 Nf6 2. Nf3 d5 3. c4 c6 4. Nc3 a6 5. c5 Nbd7 6. Bf4 Nh5 7. Bg5 h6 8. Bd2
Qc7 9. e4 dxe4 10. Nxe4 Ndf6 11. Nxf6+ Nxf6 12. Bc4 Bf5 13. Ne5 e6 14. Qe2 Rd8
15. Bc3 Be7 16. O-O O-O 17. Rad1 Nd7 18. g4 Nxe5 19. dxe5 Rxd1 20. Rxd1 Bg6 21.
Qe3 Rd8 22. Rf1 h5 23. h3 hxg4 24. hxg4 Bc2 25. Kg2 Rd1 26. Rxd1 1/2-1/2

[Event "BL 0304 Stuttgarter Sfr - SV Hofheim"]
[Site "?"]
[Date "2004.03.08"]
[Round "11.4"]
[White "Reuss, Andreas"]
[Black "Ginsburg, Gennadi"]
[Result "0-1"]
[WhiteElo "2361"]
[BlackElo "2483"]
[PlyCount "44"]
[EventDate "2004.??.??"]

1. d4 Nf6 2. Nf3 g6 3. c3 Bg7 4. Bg5 b6 5. Nbd2 Bb7 6. e3 d6 7. Bd3 Nbd7 8. Qe2
e5 9. Rd1 Qe7 10. dxe5 dxe5 11. Be4 c6 12. Nc4 O-O 13. Bc2 e4 14. Nfd2 Qe6 15.
Na3 b5 16. O-O h6 17. Bh4 a5 18. Nxe4 Nxe4 19. Bxe4 Qxe4 20. Rxd7 Bc8 21. Rc7
Qxh4 22. Rxc6 b4 0-1

[Event "BL 0304 Stuttgarter Sfr - SV Hofheim"]
[Site "?"]
[Date "2004.03.08"]
[Round "11.5"]
[White "Zude, Arno"]
[Black "Lorscheid, Gerhard"]
[Result "1/2-1/2"]
[WhiteElo "2382"]
[BlackElo "2297"]
[PlyCount "54"]
[EventDate "2004.??.??"]

1. d4 d6 2. c4 g6 3. Nc3 Bg7 4. e4 Nc6 5. d5 Nd4 6. Be3 c5 7. Nge2 Qb6 8. Qd2
Nf6 9. h3 e5 10. dxe6 Nxe6 11. g3 O-O 12. Bg2 Bd7 13. O-O Bc6 14. Rad1 Rfe8 15.
b3 Rad8 16. Kh1 Qa6 17. Qc2 b5 18. cxb5 Bxb5 19. Nxb5 Qxb5 20. Qd3 Qa5 21. Rd2
Nc7 22. Nf4 Nb5 23. Ne2 Nc7 24. Rfd1 d5 25. exd5 Ncxd5 26. Bg5 Rd7 27. Qc4 Nb6
1/2-1/2

[Event "BL 0304 Stuttgarter Sfr - SV Hofheim"]
[Site "?"]
[Date "2004.03.08"]
[Round "11.6"]
[White "Heinatz, Thomas"]
[Black "Rechel, Bernd"]
[Result "0-1"]
[WhiteElo "2332"]
[BlackElo "2420"]
[PlyCount "68"]
[EventDate "2004.??.??"]

1. e4 c5 2. Nf3 d6 3. Bb5+ Nd7 4. c3 Ngf6 5. Qe2 a6 6. Ba4 e5 7. O-O Be7 8. d4
O-O 9. dxe5 dxe5 10. c4 Nb6 11. Bc2 Bg4 12. b3 Nbd7 13. Rd1 Qc7 14. Nc3 Nb8 15.
Nd5 Nxd5 16. exd5 f5 17. h3 Bxf3 18. Qxf3 e4 19. Bf4 Bd6 20. Bxd6 Qxd6 21. Qe3
Nd7 22. f4 b5 23. cxb5 axb5 24. a4 Nb6 25. b4 cxb4 26. axb5 Rxa1 27. Rxa1 Rc8
28. Ra6 Rxc2 29. Rxb6 Qc5 30. Qxc5 Rxc5 31. d6 Kf7 32. d7 Ke7 33. Rd6 Kd8 34.
b6 Rb5 0-1

[Event "BL 0304 Stuttgarter Sfr - SV Hofheim"]
[Site "?"]
[Date "2004.03.08"]
[Round "11.7"]
[White "Houska, Jovanka"]
[Black "Vuckovic, Aleksandar"]
[Result "1/2-1/2"]
[WhiteElo "2358"]
[BlackElo "2321"]
[PlyCount "104"]
[EventDate "2004.??.??"]

1. e4 c5 2. Nc3 Nc6 3. g3 g6 4. Bg2 Bg7 5. d3 d6 6. Be3 Rb8 7. Qd2 b5 8. Nge2
b4 9. Nd1 Bd7 10. O-O a5 11. f4 Nf6 12. Kh1 Qc8 13. Nf2 Ng4 14. Nxg4 Bxg4 15.
Rab1 O-O 16. Ng1 Be6 17. f5 Bxa2 18. Ra1 b3 19. c3 a4 20. Bh6 a3 21. Bxg7 Kxg7
22. Ne2 Ne5 23. Nc1 Qa6 24. Rd1 axb2 25. Qxb2 Qb5 26. h3 Qd7 27. Nxa2 bxa2 28.
Qxa2 gxf5 29. d4 cxd4 30. cxd4 Ng6 31. exf5 Qxf5 32. Qd2 Rb3 33. Ra5 Rb5 34. g4
Qd7 35. Ra6 Qe6 36. Re1 Qf6 37. Rf1 Qg5 38. Qxg5 Rxg5 39. Be4 Rb8 40. Ra7 Kf8
41. Bf5 h6 42. Kh2 h5 43. Be6 Nh8 44. Bf5 hxg4 45. hxg4 Ng6 46. Be6 Nh8 47. Bf5
Re8 48. Bd7 Rd8 49. Bf5 Rg8 50. Kg3 Re8 51. Bd7 Rd8 52. Bf5 Re8 1/2-1/2

[Event "BL 0304 Stuttgarter Sfr - SV Hofheim"]
[Site "?"]
[Date "2004.03.08"]
[Round "11.8"]
[White "Migl, Dieter"]
[Black "Zude, Erik Dr"]
[Result "1-0"]
[WhiteElo "2255"]
[BlackElo "2349"]
[PlyCount "71"]
[EventDate "2004.??.??"]

1. e4 d6 2. Nc3 g6 3. f4 Bg7 4. Nf3 Nf6 5. Bc4 Nxe4 6. Bxf7+ Kxf7 7. Nxe4 Rf8
8. d4 Kg8 9. c3 e6 10. O-O Nc6 11. Re1 h6 12. Qd3 Bd7 13. Bd2 Be8 14. Rad1 Bf7
15. Bc1 Qd7 16. Be3 Rae8 17. Bf2 Kh8 18. Nfg5 Bg8 19. Qh3 Rxf4 20. Be3 Rf5 21.
g4 Rff8 22. Rf1 e5 23. d5 Nd8 24. c4 b6 25. Qh4 Qe7 26. Qh3 Qd7 27. Qh4 Qe7 28.
Qh3 Rxf1+ 29. Rxf1 Rf8 30. Nf3 Nf7 31. Bxh6 Bxh6 32. g5 Bh7 33. gxh6 g5 34.
Nfd2 g4 35. Qh5 Bg6 36. Qxg6 1-0

[Event "BL 0304 SCA St Ingbert - TV Tegernsee"]
[Site "?"]
[Date "2004.03.28"]
[Round "13.1"]
[White "Khenkin, Igor"]
[Black "Bauer, Christian"]
[Result "1/2-1/2"]
[WhiteElo "2627"]
[BlackElo "2602"]
[PlyCount "40"]
[EventDate "2004.??.??"]

1. d4 a6 2. e4 e6 3. Nf3 d5 4. exd5 exd5 5. Bd3 Nc6 6. O-O Bd6 7. c4 dxc4 8.
Bxc4 Nf6 9. Re1+ Be7 10. d5 Na7 11. Qe2 Bg4 12. Bg5 Bxf3 13. Qxf3 O-O 14. Nc3
Nc8 15. Re2 Nd6 16. Rae1 Re8 17. Bd3 Qd7 18. h3 h6 19. Bf4 Kf8 20. g4 Nb5
1/2-1/2

[Event "BL 0304 SCA St Ingbert - TV Tegernsee"]
[Site "?"]
[Date "2004.03.28"]
[Round "13.2"]
[White "Marcelin, Cyril"]
[Black "Ribli, Zoltan"]
[Result "1/2-1/2"]
[WhiteElo "2473"]
[BlackElo "2593"]
[PlyCount "22"]
[EventDate "2004.??.??"]

1. e4 c5 2. Nf3 e6 3. c3 Nf6 4. e5 Nd5 5. Bc4 d6 6. d4 cxd4 7. cxd4 Nc6 8. O-O
Be7 9. Qe2 O-O 10. Rd1 Na5 11. Bd3 Nb4 1/2-1/2

[Event "BL 0304 SCA St Ingbert - TV Tegernsee"]
[Site "?"]
[Date "2004.03.28"]
[Round "13.3"]
[White "Bischoff, Klaus"]
[Black "Lazarev, Vladimir"]
[Result "0-1"]
[WhiteElo "2564"]
[BlackElo "2526"]
[PlyCount "104"]
[EventDate "2004.??.??"]

1. c4 Nf6 2. Nc3 e6 3. Nf3 d5 4. d4 dxc4 5. e3 c5 6. Bxc4 a6 7. O-O b5 8. Be2
Bb7 9. dxc5 Bxc5 10. Qxd8+ Kxd8 11. Nd2 Nbd7 12. Nb3 Bb4 13. Bd2 Nc5 14. Nd4
Nd5 15. Nxd5 Bxd2 16. Nb6 Rb8 17. Rfd1 Ne4 18. Nb3 Kc7 19. Nc4 Bc3 20. bxc3
Nxc3 21. Ne5 Nxe2+ 22. Kf1 Nc3 23. Rd7+ Kb6 24. Rxf7 Bc6 25. a3 Rb7 26. Rc1
Rxf7 27. Nxf7 Rc8 28. f3 Bd5 29. Nd4 Rc7 30. Ne5 Na4 31. Rd1 Nb2 32. Rb1 Nc4
33. Nxc4+ Bxc4+ 34. Kf2 e5 35. Nb3 Bxb3 36. Rxb3 Rc2+ 37. Kg3 a5 38. e4 Ra2 39.
Rd3 a4 40. h4 Kc5 41. h5 Kc4 42. Rd7 Rxa3 43. Rxg7 Ra1 44. Kh2 Rd1 45. Rxh7 a3
46. Ra7 b4 47. g4 b3 48. Ra4+ Kc5 49. Rxa3 b2 50. Rb3 b1=Q 51. Rxb1 Rxb1 52. h6
Kd6 0-1

[Event "BL 0304 SCA St Ingbert - TV Tegernsee"]
[Site "?"]
[Date "2004.03.28"]
[Round "13.4"]
[White "Bricard, Emmanuel"]
[Black "Boensch, Uwe"]
[Result "1/2-1/2"]
[WhiteElo "2453"]
[BlackElo "2545"]
[PlyCount "152"]
[EventDate "2004.??.??"]

1. d4 d5 2. c4 e6 3. Nc3 Nf6 4. cxd5 exd5 5. Bg5 c6 6. Qc2 Be7 7. e3 Nbd7 8.
Bd3 Nh5 9. Bxe7 Qxe7 10. Nf3 Nf4 11. O-O Nxd3 12. Qxd3 O-O 13. a3 Nb6 14. b4 a6
15. Nd2 Qg5 16. Rfc1 Bf5 17. Qf1 Rfe8 18. a4 Qe7 19. b5 axb5 20. axb5 Qb4 21.
Rxa8 Rxa8 22. bxc6 bxc6 23. Qd1 Ra3 24. Ndb1 Ra1 25. Nd2 Ra3 26. Ndb1 Ra8 27.
h3 h6 28. Nd2 Qb2 29. Nf1 Nc4 30. Ng3 Bd3 31. Qe1 Ra3 32. Nce2 g5 33. Rc3 Ra1
34. Rc1 Ra2 35. Nc3 Ra3 36. e4 dxe4 37. Ngxe4 Bxe4 38. Nxe4 Qxd4 39. Rd1 Qe5
40. Qe2 Ra1 41. Rxa1 Qxa1+ 42. Qf1 Qxf1+ 43. Kxf1 f5 44. Nc5 Kf7 45. Ke2 Kf6
46. f4 gxf4 47. Kf3 Ne3 48. g3 Nd5 49. gxf4 Ke7 50. Nb3 Kd6 51. Nd4 Ne7 52. Ke3
c5 53. Ne2 Kd5 54. Kd3 c4+ 55. Ke3 Nc8 56. Nc3+ Kc5 57. Ne2 Nd6 58. Ng3 Kb4 59.
Kd4 c3 60. Ne2 Nb5+ 61. Ke5 c2 62. Nc1 Kc3 63. Kxf5 Nd4+ 64. Kg6 Kb2 65. Nd3+
Kb1 66. f5 Ne2 67. f6 Nf4+ 68. Kh7 Nxd3 69. f7 c1=Q 70. f8=Q h5 71. Qf5 Qc2 72.
Kh6 h4 73. Kh5 Qc4 74. Qg4 Qxg4+ 75. Kxg4 Nf2+ 76. Kxh4 Nxh3 1/2-1/2

[Event "BL 0304 SCA St Ingbert - TV Tegernsee"]
[Site "?"]
[Date "2004.03.28"]
[Round "13.5"]
[White "Hertneck, Gerald"]
[Black "Nguyen, Chi Minh"]
[Result "1/2-1/2"]
[WhiteElo "2524"]
[BlackElo "2375"]
[PlyCount "162"]
[EventDate "2004.??.??"]

1. c4 Nf6 2. Nc3 e6 3. e4 d5 4. e5 d4 5. exf6 dxc3 6. bxc3 Qxf6 7. d4 Nd7 8.
Nf3 h6 9. Bd3 g5 10. Be3 Qe7 11. O-O Bg7 12. Nd2 e5 13. Ne4 Nf6 14. Ng3 O-O 15.
Qc2 e4 16. Nxe4 Nxe4 17. Bxe4 f5 18. Bd5+ Kh8 19. Rfe1 c6 20. Bf3 Qf7 21. Be2
f4 22. Bd2 f3 23. Bxf3 g4 24. Be4 Qxf2+ 25. Kh1 Bf5 26. Bd3 Rae8 27. Rf1 Bxd3
28. Qxd3 Qe2 29. Qxe2 Rxe2 30. Rxf8+ Bxf8 31. Rd1 Bd6 32. c5 Bc7 33. c4 b6 34.
cxb6 axb6 35. Bxh6 Rxa2 36. g3 Rc2 37. Rc1 Rxc1+ 38. Bxc1 Kg7 39. Kg2 Kf6 40.
Bf4 Bd8 41. Kf2 b5 42. d5 b4 43. Ke3 b3 44. Kd3 cxd5 45. cxd5 Ba5 46. Bc1 Kf5
47. Kc4 Bd2 48. Bb2 Ke4 49. d6 Bg5 50. Kxb3 Kd5 51. Ba3 Be3 52. Kc3 Bd4+ 53.
Kd3 Bb6 54. Ke2 Ke4 55. Bb4 Bd8 56. Kf2 Kf5 57. Kg2 Bb6 58. h3 gxh3+ 59. Kxh3
Bd8 60. Bd2 Ke6 61. Bf4 Kf5 62. Kg2 Ke4 63. Kf2 Bb6+ 64. Ke2 Ba5 65. Bg5 Kf5
66. Bd2 Bb6 67. Kf3 Bc5 68. Bf4 Bb6 69. g4+ Ke6 70. Ke4 Bc5 71. g5 Bb4 72. Be5
Ba3 73. Kf4 Bb4 74. Kg4 Kxe5 75. d7 Be7 76. Kh5 Ke6 77. g6 Kf6 78. Kh6 Bf8+ 79.
Kh7 Ke7 80. g7 Bxg7 81. Kxg7 Kxd7 1/2-1/2

[Event "BL 0304 SCA St Ingbert - TV Tegernsee"]
[Site "?"]
[Date "2004.03.28"]
[Round "13.6"]
[White "Drollinger, Dennis"]
[Black "Teske, Henrik"]
[Result "1/2-1/2"]
[WhiteElo "2275"]
[BlackElo "2518"]
[PlyCount "97"]
[EventDate "2004.??.??"]

1. e4 c5 2. Nf3 g6 3. d4 cxd4 4. Qxd4 Nf6 5. Nc3 Nc6 6. Qa4 d6 7. e5 dxe5 8.
Nxe5 Bd7 9. Nxd7 Nxd7 10. Bb5 Bg7 11. Bxc6 bxc6 12. O-O O-O 13. Qxc6 Rc8 14.
Qa6 Qb6 15. Qxb6 Nxb6 16. Be3 Bxc3 17. bxc3 Rxc3 18. a4 Ra8 19. Ra2 Nd5 20. Bd2
Rc4 21. Rc1 Rac8 22. Kf1 f5 23. Ke2 Kf7 24. Kd1 Rd4 25. Ke2 Rc6 26. c4 Rcxc4
27. Rxc4 Rxc4 28. Kd3 Rh4 29. f4 Nxf4+ 30. Kc4 Rxh2 31. Bxf4 Rh4 32. g3 Rg4 33.
Kb5 h5 34. Bb8 Kf6 35. a5 e5 36. Ra3 g5 37. Bxa7 f4 38. gxf4 gxf4 39. a6 Rg8
40. Kc6 Kf5 41. Bf2 e4 42. a7 e3 43. Be1 Rc8+ 44. Kb7 Rg8 45. a8=Q Rxa8 46.
Rxa8 f3 47. Ra5+ Kg4 48. Ra4+ Kf5 49. Ra5+ 1/2-1/2

[Event "BL 0304 SCA St Ingbert - TV Tegernsee"]
[Site "?"]
[Date "2004.03.28"]
[Round "13.7"]
[White "Stangl, Markus"]
[Black "Martinovic, Slobodan"]
[Result "1/2-1/2"]
[WhiteElo "2493"]
[BlackElo "2466"]
[PlyCount "49"]
[EventDate "2004.??.??"]

1. Nf3 Nf6 2. c4 c5 3. Nc3 g6 4. d4 cxd4 5. Nxd4 Nc6 6. e4 d6 7. Be2 Nxd4 8.
Qxd4 Bg7 9. O-O O-O 10. Bg5 Be6 11. Qd2 Qa5 12. Rac1 Rfc8 13. b3 a6 14. Rfd1 b5
15. Bxf6 Bxf6 16. Nd5 Qxd2 17. Nxf6+ Kg7 18. Nh5+ gxh5 19. Rxd2 bxc4 20. bxc4
Rc5 21. Bd3 Rac8 22. Rdc2 f5 23. exf5 Bxf5 24. Bxf5 Rxf5 25. Kf1 1/2-1/2

[Event "BL 0304 SCA St Ingbert - TV Tegernsee"]
[Site "?"]
[Date "2004.03.28"]
[Round "13.8"]
[White "Callam, Hannes"]
[Black "Bromberger, Stefan"]
[Result "0-1"]
[WhiteElo "2167"]
[BlackElo "2448"]
[PlyCount "104"]
[EventDate "2004.??.??"]

1. Nf3 c5 2. c4 Nf6 3. d4 cxd4 4. Nxd4 e6 5. Nc3 a6 6. e3 Qc7 7. Be2 Be7 8. O-O
O-O 9. Qc2 Nc6 10. b3 d5 11. Nxc6 bxc6 12. Bb2 Bb7 13. Rac1 Bd6 14. h3 Qe7 15.
Rfd1 Rad8 16. cxd5 cxd5 17. Bd3 h6 18. Qe2 Bb8 19. Nb1 Rfe8 20. Ba3 Bd6 21.
Bxd6 Rxd6 22. Qc2 e5 23. Qc7 Rd7 24. Qb6 d4 25. exd4 exd4 26. Qc5 Qd8 27. Re1
Rc7 28. Qa3 Rxe1+ 29. Rxe1 Qd5 30. f3 g6 31. Nd2 Qg5 32. Qb2 Rc3 33. Ne4 Bxe4
34. Bxe4 Qg3 35. Qd2 a5 36. Kf1 Nxe4 37. Rxe4 Rxf3+ 38. Kg1 Re3 39. Rxe3 Qxe3+
40. Qxe3 dxe3 41. g3 f5 42. Kf1 g5 43. Ke2 f4 44. gxf4 gxf4 45. a4 Kf7 46. b4
axb4 47. a5 b3 48. a6 b2 49. a7 b1=Q 50. a8=Q Qc2+ 51. Kf3 Qf2+ 52. Kg4 Qg3+
0-1

[Event "BL 0304 SV Hofheim - SK König Plauen"]
[Site "?"]
[Date "2004.03.28"]
[Round "13.1"]
[White "Markowski, Tomasz"]
[Black "Savchenko, Stanislav"]
[Result "1/2-1/2"]
[WhiteElo "2610"]
[BlackElo "2563"]
[PlyCount "123"]
[EventDate "2004.??.??"]

1. g3 e5 2. c4 Nf6 3. Bg2 Nc6 4. Nc3 Bc5 5. d3 O-O 6. e3 d6 7. Nge2 a6 8. O-O
Ba7 9. b3 Bd7 10. h3 Rb8 11. Bb2 b5 12. Rc1 Ne7 13. Kh2 Be6 14. Qc2 c6 15. Nb1
Nd7 16. Nd2 d5 17. Ba3 Re8 18. cxd5 cxd5 19. Bd6 Rb7 20. e4 d4 21. f4 f6 22.
Nf3 Bb8 23. fxe5 fxe5 24. Bxb8 Qxb8 25. Ng5 Rb6 26. b4 Qd6 27. a3 h6 28. Nxe6
Qxe6 29. h4 Nf6 30. Bh3 Ng4+ 31. Bxg4 Qxg4 32. Qa2+ Kh7 33. Rf2 Ng6 34. Rc7 Rc8
35. Qf7 Rxc7 36. Qxc7 Re6 37. Ng1 Nxh4 38. Qd7 Ng6 39. Rf7 Nf4 40. gxf4 Qh4+
41. Kg2 Rg6+ 42. Kf1 Qh5 43. Nh3 Qd1+ 44. Kf2 Qd2+ 45. Kf1 Qxd3+ 46. Kf2 Qd2+
47. Kf1 Qg2+ 48. Ke1 Qxe4+ 49. Kf1 Qb1+ 50. Kf2 Qa2+ 51. Kf1 d3 52. Ng5+ hxg5
53. f5 Qe2+ 54. Kg1 Qg4+ 55. Kf1 Qf4+ 56. Kg2 Qe4+ 57. Kf2 Qe2+ 58. Kg1 Qg4+
59. Kf2 Qf4+ 60. Kg2 Qe4+ 61. Kf2 Qe2+ 62. Kg1 1/2-1/2

[Event "BL 0304 SV Hofheim - SK König Plauen"]
[Site "?"]
[Date "2004.03.28"]
[Round "13.2"]
[White "Krivoshey, Sergei"]
[Black "Gdanski, Jacek"]
[Result "1-0"]
[WhiteElo "2495"]
[BlackElo "2522"]
[PlyCount "81"]
[EventDate "2004.??.??"]

1. Nf3 c5 2. c4 g6 3. d4 Bg7 4. e4 Qb6 5. dxc5 Qxc5 6. Nc3 Bxc3+ 7. bxc3 Qa5 8.
Qc2 d6 9. Be2 Bg4 10. Rb1 Qc7 11. c5 dxc5 12. Qb3 Nf6 13. e5 Be6 14. Bc4 Bxc4
15. Qxc4 Nfd7 16. e6 fxe6 17. O-O Nc6 18. Ng5 Nb6 19. Qxe6 Nd8 20. Qe4 Qc6 21.
Qe5 Qf6 22. Qxc5 O-O 23. Be3 Rc8 24. Rxb6 Rxc5 25. Rxf6 exf6 26. Bxc5 fxg5 27.
Bxf8 Kxf8 28. Rd1 Ke7 29. f3 Nc6 30. Kf2 Ke6 31. Ke3 b6 32. Ke4 h6 33. a4 Na5
34. Rd8 Nb7 35. Re8+ Kd6 36. Rg8 Nc5+ 37. Kd4 Nxa4 38. Rxg6+ Ke7 39. Rxh6 a5
40. c4 Kf7 41. g3 1-0

[Event "BL 0304 SV Hofheim - SK König Plauen"]
[Site "?"]
[Date "2004.03.28"]
[Round "13.3"]
[White "Kindermann, Stefan"]
[Black "Ginsburg, Gennadi"]
[Result "1/2-1/2"]
[WhiteElo "2542"]
[BlackElo "2483"]
[PlyCount "88"]
[EventDate "2004.??.??"]

1. e4 e5 2. Nf3 Nc6 3. Bb5 a6 4. Bxc6 dxc6 5. O-O f6 6. d4 exd4 7. Nxd4 c5 8.
Ne2 Qxd1 9. Rxd1 Bd7 10. Nbc3 O-O-O 11. Be3 Re8 12. Rd2 Bc6 13. Rad1 Bd6 14.
Bf4 Bxf4 15. Nxf4 Nh6 16. Nh5 Re7 17. f3 b6 18. Kf2 Rg8 19. g4 Nf7 20. Nd5 Re6
21. Ne3 Ne5 22. h4 g6 23. Ng3 Ree8 24. h5 Bd7 25. Rh1 Be6 26. a3 Rd8 27. Rxd8+
Rxd8 28. Rd1 Rxd1 29. Nxd1 b5 30. Ne3 Kd7 31. hxg6 hxg6 32. Ngf1 c4 33. Nd2 Kd6
34. Nd1 c5 35. Ke3 g5 36. Nf2 Ng6 37. c3 Nf4 38. Nf1 Ke5 39. Ng3 Ng2+ 40. Ke2
Nf4+ 41. Ke3 Nd3 42. Nxd3+ cxd3 43. Nf1 c4 44. Nd2 Bf7 1/2-1/2

[Event "BL 0304 SV Hofheim - SK König Plauen"]
[Site "?"]
[Date "2004.03.28"]
[Round "13.4"]
[White "Zude, Arno"]
[Black "Espig, Lutz"]
[Result "1-0"]
[WhiteElo "2382"]
[BlackElo "2429"]
[PlyCount "73"]
[EventDate "2004.??.??"]

1. e4 d6 2. d4 Nf6 3. Nc3 g6 4. Be3 Bg7 5. Qd2 c6 6. f3 b5 7. g4 h5 8. gxh5
Nxh5 9. Nge2 Nd7 10. Bg2 Nb6 11. b3 a5 12. Rd1 Qc7 13. Ng3 a4 14. Kf2 Bd7 15.
Nce2 d5 16. e5 f6 17. Nxh5 gxh5 18. exf6 Bxf6 19. Bf4 Qa7 20. Bg5 O-O-O 21.
Bxf6 exf6 22. Nf4 Bf5 23. Bf1 Qd7 24. Bd3 Rdg8 25. Rhg1 h4 26. Qa5 Kb7 27. Rde1
Rxg1 28. Rxg1 Ra8 29. Qd2 axb3 30. axb3 Ra2 31. Qe2 Qd6 32. Rg7+ Ka6 33. Ke3
Bxd3 34. Nxd3 Qe6+ 35. Kf4 Qxe2 36. Nb4+ Ka5 37. Nxc6+ 1-0

[Event "BL 0304 SV Hofheim - SK König Plauen"]
[Site "?"]
[Date "2004.03.28"]
[Round "13.5"]
[White "Sandner, Gunter"]
[Black "Rechel, Bernd"]
[Result "1-0"]
[WhiteElo "2311"]
[BlackElo "2420"]
[PlyCount "35"]
[EventDate "2004.??.??"]

1. Nf3 f5 2. d3 d6 3. e4 e5 4. Nc3 Nc6 5. exf5 Bxf5 6. d4 Nxd4 7. Nxd4 exd4 8.
Qxd4 c6 9. Bf4 Qb6 10. Qd2 d5 11. O-O-O O-O-O 12. Bd3 Bxd3 13. Qxd3 Nh6 14.
Qh3+ Rd7 15. Nxd5 Qd8 16. Bxh6 cxd5 17. Rxd5 Kc7 18. Bf4+ 1-0